00292nam a2200133Ia 4500100001800000650001100018366000700029654001300036245003400049260003400083082002100117300000800138546001200146 aPratap/Rudra  aMatlab f20 amatlab 7 aGetting started with Matlab 7 bOxford university pressc2006 a005.131/PRAbPRA a244 aENGLISH